000 01358cam a2200373 a 4500
001 14122752
003 OSt
005 20160713152434.0
008 050928r20051945nyuab c 000 1 eng
010 _a 2005281591
020 _a0064405850 (pbk.)
040 _aDLC
_cDLC
_dDLC
042 _alcac
050 0 0 _aPZ 7
_b.L573 2005
082 0 0 _aKF
_bL54s 1973
100 1 _aLenski, Lois,
_d1893-1974.
_95394
245 1 0 _aStrawberry girl /
_cwritten and illustrated by Lois Lenski.
250 _aRevised Harper Trophy ed.
260 _aNew York :
_bHarperTrophy,
_cc1973.
300 _a194 p. :
_bill., map ;
_c20 cm.
500 _a"60th anniversary edition"--Cover.
520 _aIn 1945, in Florida, ten-year-old Birdie Boyer and her family struggle to make their new farm prosper despite heat, droughts, cold snaps, and rowdy neighbors.
562 _e2
586 _aNewbery Medal, 1946.
650 1 _aFarm life
_zFlorida
_vFiction.
_95395
650 1 _aCountry life
_zFlorida
_vFiction.
_95396
651 1 _aFlorida
_xHistory
_y20th century
_vFiction.
_95397
856 4 2 _3Publisher description
_uhttp://www.loc.gov/catdir/enhancements/fy0645/2005281591-d.html
906 _a7
_bcbc
_corigcop
_d2
_encip
_f20
_gy-gencatlg
942 _2lcc
_cBK
999 _c8042
_d8042